00514 2200193 4500001002100000005001500021008004100036020002200077035001900099041000700118082001000125090001600135100002000151245005100171250001000222260003900232300003500271650001400306INLIS00000000001295820241224114450241224||||||||| | ||| |||| || |  a978-602-202-081-3 0010-1224012958 aid0 a618.5 a618.5 LIS m0 aLilis Lisnawati00amodul asuhan kebidanan dalam kegawat daruratan acet.1 aJakartabcv.trans info mediac2013 aviii + 252 hlm,; 14 cm x 21 cm 0akesehatan